00350 a2200097 4500001001000000005001700010008004100027245011100068100003200179773004100211ART_4759920260410161630.0260409a 10aLa figura de los sistemas de cumplimiento en la nueva ley de responsabilidad penal de personas jurídicas1 aD´Onofrio, Paula Alejandra0 tEnfoquesg- N°9 (sep. 2018)wREV416